| 000 | 03952cam a22005537i 4500 | ||
|---|---|---|---|
| 999 |
_c8833 _d8833 |
||
| 003 | OSt | ||
| 005 | 20210223164605.0 | ||
| 008 | 161203s2006 enkab b 001 0 eng c | ||
| 010 | _a 2005037581 | ||
| 016 | 7 |
_a013356286 _2Uk |
|
| 020 | _a0415366577 (hbk.) | ||
| 020 | _a9780415366588 (pbk.) | ||
| 042 | _apcc | ||
| 082 | 0 | 0 |
_a307.76 _223 _bBEL |
| 084 |
_a74.72 _2bcl |
||
| 084 |
_aMS 1870 _2rvk |
||
| 084 |
_aRB 10630 _2rvk |
||
| 245 | 0 | 0 |
_aSmall cities : _burban experience beyond the metropolis / _cedited by David Bell and Mark Jayne. |
| 300 |
_axiii, 280 pages : _billustrations, maps ; _c24 cm. |
||
| 490 | 0 | _aQuestioning cities | |
| 504 | _aIncludes bibliographical references (pages 249-273) and index. | ||
| 505 | 0 | _aConceptualizing small cities/ David Bell and Mark Jayne -- The political economy of small cities -- On the dynamics of ambivalent urbanization and urban productivity in Port Louis, Mauritius / Abdoumaliq Simone -- Temp town : temporality as a place promotion niche in the world's furniture capital / John Joe Schlichtman -- Jumping scale : from small town politics to a 'regional presence'? : re-doing economic governance in Canada's technology triangle / Joseph Leibovitz -- Tourism in a reluctantly small city-island-nation : insights from Singapore / T.C. Chang -- The urban hierarchy and competitive advantage -- The festival phenomenon : festivals, events and the promotion of small urban areas / Andrew Bradley and Tim Hall -- Gentrifying down the urban hierarchy : 'the cascade effect' in Portland, Maine / Loretta Lees -- The re-construction of a small Scottish city : re-discovering Dundee / Greg Lloyd, John Mccarthy, and Deborah Peel -- Urban myth : the symbolic sizing of Weimar, Germany / Frank Eckardt -- The cultural economy of small cities -- Garden cities and city gardens / Malcolm Miles -- Small cities for a small planet : sustaining the cultural renaissance? / Graeme Evans and Jo Foord -- Creative small cities : cityscapes, power, and the arts / Gordon. | |
| 505 | 0 | _aWaitt -- Rethinking small places : urban cultural creativity : examples from Sweden, the USA, and Bosnia-Herzegovina / Tom Fleming, Lia Ghilardi and Nancy K. Napier -- Identity, lifestyle, and forms of sociability -- Caudan : domesticating the global waterfront / Tim Edensor -- De-centring metropolitan youth identities : boundaries, difference, and sense of place / Gordon Waitt, Tim Hewitt and Ellen Kraly -- Small city : big ideas : culture-led regeneration and the consumption of place / Steven Miles -- Afterword : small change, sizing up small cities / David Bell and Mark Jayne. | |
| 650 | 0 | _aCities and towns. | |
| 650 | 0 | _aUrban policy. | |
| 650 | 4 | _aPolitique urbaine. | |
| 650 | 4 | _aVilles. | |
| 650 | 6 | _aVilles. | |
| 650 | 6 | _aPolitique urbaine. | |
| 650 | 7 |
_aCities and towns. _2fast |
|
| 650 | 7 |
_aUrban policy. _2fast |
|
| 650 | 0 | 7 |
_aKleinstadt. _2gnd |
| 650 | 0 | 7 |
_aStadtentwicklung. _2gnd |
| 650 | 1 | 7 |
_aKleine steden. _2gtt |
| 650 | 1 | 7 |
_aStedelijke ontwikkeling. _2gtt |
| 650 | 0 | 7 |
_aKleinstadt. _2swd |
| 650 | 0 | 7 |
_aStadtentwicklung. _2swd |
| 655 | 4 | _aAufsatzsammlung. | |
| 655 | 7 |
_aAufsatzsammlung. _2swd |
|
| 700 | 1 |
_aBell, David, _d1965 February 12- |
|
| 700 | 1 |
_aJayne, Mark, _d1970- |
|
| 830 | 0 | _aQuestioning cities series. | |
| 856 | 4 | 1 |
_3Table of contents _uhttp://catdir.loc.gov/catdir/toc/ecip066/2005037581.html |
| 856 | 4 | 1 |
_3Table of contents _uhttp://bvbr.bib-bvb.de:8991/F?func=service&doc_library=BVB01&doc_number=014165314&line_number=0001&func_code=DB_RECORDS&service_type=MEDIA |
| 856 | 4 | 2 |
_3Publisher description _uhttp://catdir.loc.gov/catdir/enhancements/fy0654/2005037581-d.html |
| 856 |
_uhttp://bvbr.bib-bvb.de:8991/F?func=service&doc_library=BVB01&local_base=BVB01&doc_number=014165314&line_number=0001&func_code=DB_RECORDS&service_type=MEDIA _zInhaltsverzeichnis |
||
| 856 | 4 |
_3Inhaltsverzeichnis _uhttp://swbplus.bsz-bw.de/bsz261595148inh.htm |
|
| 942 | _2ddc | ||